Airlines of South America - Statistics

General Stats
  • This quiz has been taken 32 times
  • The average score is 9 of 14
Answer Stats
Picture Answer % Correct
GOL
92%
LATAM
92%
Avianca
88%
Azul
84%
JetSMART
84%
SKY Airlines
84%
Aerolineas Argentinas
76%
Boliviana
76%
Clic Air
52%
Flybondi
48%
Wingo
44%
Star Peru
28%
VOEPASS
8%
Andes Lineas Aereas
4%
No matching quizzes found
Score Distribution
Percent of People with Each Score
Percentile by Number Answered
Your Score History
You have not taken this quiz